UM Logo

Government budgeting and expenditure management : (Record no. 10873)

MARC details
000 -LEADER
fixed length control field 02114cam a2200313 i 4500
001 - CONTROL NUMBER
control field 19464384
005 - DATE AND TIME OF LATEST TRANSACTION
control field 20180925132819.0
008 - FIXED-LENGTH DATA ELEMENTS--GENERAL INFORMATION
fixed length control field 170126s2017 nyu b 001 0 eng
010 ## - LIBRARY OF CONGRESS CONTROL NUMBER
LC control number 2016044336
020 ## - INTERNATIONAL STANDARD BOOK NUMBER
International Standard Book Number 978*1-138-18341-4 (pbk. : alk. paper)
040 ## - CATALOGING SOURCE
Original cataloging agency DLC
Language of cataloging eng
Transcribing agency DLC
Description conventions rda
Modifying agency DLC
042 ## - AUTHENTICATION CODE
Authentication code pcc
050 00 - LIBRARY OF CONGRESS CALL NUMBER
Classification number HJ2005
Item number .S349 2017
082 00 - DEWEY DECIMAL CLASSIFICATION NUMBER
Classification number DC 352.4
Edition number 2017
Item number Sa38
100 1# - MAIN ENTRY--PERSONAL NAME
Personal name Schiavo-Campo, Salvatore,
Relator term author.
9 (RLIN) 31628
245 10 - TITLE STATEMENT
Title Government budgeting and expenditure management :
Remainder of title principles and international practice /
Statement of responsibility, etc. Salvatore Schiavo-Campo.
260 ## - PUBLICATION, DISTRIBUTION, ETC. (IMPRINT)
Place of publication, distribution, etc. New York :
Name of publisher, distributor, etc. Routledge ,
Date of publication, distribution, etc. ©2017.
300 ## - PHYSICAL DESCRIPTION
Extent xxv, 390 pages ;
Dimensions 26 cm
504 ## - BIBLIOGRAPHY, ETC. NOTE
Bibliography, etc Includes bibliographical references and index.
505 0# - FORMATTED CONTENTS NOTE
Formatted contents note The government budget : mirror of society's choices -- Budgeting objectives, systems, budget classification and the legal framework -- Budget coverage, extra-budgetary operations and tax expenditures -- Fiscal risk, fiscal responsibility and fiscal rules -- Budgeting in macroeconomic and fiscal perspective -- Preparation and approval of the budget -- Budgeting and managing public investment -- Budget execution : compliance, adaptability, efficiency -- Public procurement -- Financing the budget : debt and aid management -- Accountability for the money : accounting, reporting and audit -- Accountability for the results : performance, monitoring and evaluation -- Reforming and strengthening public financial mangement -- Fiscal decentralization and budgeting at subnational government level -- Reconstructing public financial institutions in fragile and conflict-affected states -- Corruption and public sector management -- "Black boxes" : extractive revenue and military expenditure.
650 #0 - SUBJECT ADDED ENTRY--TOPICAL TERM
Topical term or geographic name as entry element Budget.
9 (RLIN) 31629
650 #0 - SUBJECT ADDED ENTRY--TOPICAL TERM
Topical term or geographic name as entry element Budget process.
9 (RLIN) 31630
650 #0 - SUBJECT ADDED ENTRY--TOPICAL TERM
Topical term or geographic name as entry element Expenditures, Public.
9 (RLIN) 31631
650 #0 - SUBJECT ADDED ENTRY--TOPICAL TERM
Topical term or geographic name as entry element Government spending policy.
9 (RLIN) 31632
365 ## - TRADE PRICE
Price amount 5,598.00
Currency code Php
906 ## - LOCAL DATA ELEMENT F, LDF (RLIN)
a 7
b cbc
c orignew
d 1
e ecip
f 20
g y-gencatlg
942 ## - ADDED ENTRY ELEMENTS (KOHA)
Source of classification or shelving scheme Dewey Decimal Classification
Koha item type Circulation
Holdings
Withdrawn status Lost status Source of classification or shelving scheme Damaged status Not for loan Collection code Home library Current library Date acquired Source of acquisition Cost, normal purchase price Total Checkouts Full call number Barcode Date last seen Copy number Price effective from Koha item type
    Dewey Decimal Classification     Circulation UM Digos College - LIC UM Digos College - LIC 08/16/2018 Purchased 5598.00   DC 352.4 Sa38 2017 25042 05/15/2025 1 09/25/2018 Circulation